Atlanta Falcons Starting Quarterbacks of Super Bowl Era - Statistics

General Stats
  • This quiz has been taken 152 times
    44 since last reset
  • The average score is 15 of 43
Answer Stats
Answer % Correct
Kirk Cousins
100%
Matt Ryan
100%
Michael Penix Jr
93%
Michael Vick
86%
Steve Bartkowski
86%
Desmond Ridder
82%
Chris Chandler
79%
Marcus Mariota
75%
Jeff George
61%
Chris Miller
57%
Doug Johnson
50%
Randy Johnson
50%
June Jones
46%
Matt Schaub
39%
Chris Redman
36%
Bobby Herbert
32%
Steve DeBerg
32%
Taylor Heinicke
32%
Bob Berry
29%
Bob Lee
29%
Joey Harrington
29%
Kim McQuilken
29%
Byron Leftwich
21%
David Archer
21%
Wade Wilson
21%
Billy Joe Tolliver
18%
Pat Sullivan
18%
Erik Kramer
14%
Scott Campbell
14%
Dick Shiner
11%
Hugh Millen
11%
Kurt Kittner
11%
Scott Hunter
11%
Dennis Claridge
7%
Steve Dils
7%
Steve Sloan
7%
Terry Nofsinger
7%
Tony Graziani
7%
Bruce Lemmerman
4%
Danny Kanell
4%
Jeff Van Raaphorst
4%
Mike Moroski
4%
Turk Schonert
4%
No matching quizzes found
Score Distribution
Percent of People with Each Score
Percentile by Number Answered
Your Score History
You have not taken this quiz since the last reset